Guess 100 Formula 1 drivers by image - Statistics

General Stats
  • This quiz has been taken 139 times
  • The average score is 58 of 100
Answer Stats
Picture Answer % Correct
Michael Schumacher
97%
Lewis Hamilton
95%
Max Verstappen
95%
Fernando Alonso
94%
Sebastian Vettel
93%
Charles Leclerc
92%
Daniel Ricciardo
92%
Carlos Sainz
89%
Ayrton Senna
88%
George Russell
87%
Nico Rosberg
87%
Lando Norris
86%
Sergio Perez
85%
Valtteri Bottas
85%
Alain Prost
84%
Alexander Albon
84%
Kevin Magnussen
83%
Niki Lauda
83%
Oscar Piastri
83%
Jenson Button
82%
Kimi Raikkonen
82%
Romain Grosjean
81%
Yuki Tsunoda
81%
Felipe Massa
80%
Lance Stroll
80%
Esteban Ocon
79%
Mark Webber
79%
Nico Hulkenberg
79%
Pierre Gasly
78%
Nicholas Latifi
75%
Nikita Mazepin
75%
Mika Hakkinen
74%
Nigel Mansell
74%
Rubens Barrichello
74%
Daniil Kvyat
73%
Guanyu Zhou
73%
Mick Schumacher
73%
David Coulthard
72%
James Hunt
72%
Antonio Giovinazzi
70%
Logan Sargeant
67%
Robert Kubica
67%
Ralf Schumacher
66%
Nyck De Vries
65%
Jules Bianchi
64%
Jacques Villeneuve
59%
Damon Hill
58%
Emerson Fittipaldi
58%
Keke Rosberg
58%
Kamui Kobayashi
57%
Pastor Maldonado
57%
Juan Pablo Montoya
56%
Marcus Ericsson
56%
Graham Hill
51%
Juan Manuel Fangio
51%
Nelson Piquet
51%
Brendon Hartley
49%
Jackie Stewart
47%
Stoffel Vandoorne
45%
Heikki Kovalainen
44%
Nino Farina
44%
Adrian Sutil
43%
Jim Clark
43%
Alberto Ascari
42%
Gilles Villeneuve
42%
Jean Alesi
41%
Jochen Rindt
41%
Jody Scheckter
41%
Jolyon Palmer
40%
Mario Andretti
40%
Stirling Moss
40%
Gerhard Berger
39%
Ronnie Peterson
37%
Eddie Irvine
36%
Nick Heidfeld
36%
Paul Di Resta
36%
Jack Brabham
35%
John Surtees
35%
Mike Hawthorn
35%
René Arnoux
35%
Esteban Gutierrez
34%
Denny Hulme
33%
Giancarlo Fisichella
33%
Jean-Eric Vergne
33%
Pascal Wehrlein
33%
Pedro de la Rosa
33%
Clay Regazzoni
32%
Alan Jones
31%
Riccardo Patrese
30%
Jarno Trulli
28%
Mika Salo
28%
Sebastien Buemi
28%
Sergey Sirotkin
28%
Bruce McLaren
27%
Timo Glock
26%
Carlos Reutemann
25%
Jacky Ickx
25%
Bruno Senna
23%
Michele Alboreto
22%
Phil Hill
20%
No matching quizzes found
Score Distribution
Percent of People with Each Score
Percentile by Number Answered
Your Score History
You have not taken this quiz